| 000 | 00734nam a2200229 i 4500 | ||
|---|---|---|---|
| 001 | 113518 | ||
| 003 | ES-MaACL | ||
| 005 | 20250629053020.0 | ||
| 007 | t| | ||
| 008 | 131105s2006 sp r ||||1| spa d | ||
| 080 | _a929 León Felipe | ||
| 080 | _a821.134.2 León Felipe 1.07 | ||
| 100 | 1 |
_aTuriel de Castro, Mariano. _9111707 |
|
| 245 | 1 | 0 |
_aRecuerdo y desagravio a León Felipe / _cpor Mariano Turiel de Castro. |
| 260 |
_aMadrid : _bReal Academia Nacional de Farmacia, _c2006. |
||
| 300 |
_a35 p. ; _c24 cm. |
||
| 490 | 1 |
_aLecturas singulares ; _v2 |
|
| 600 | 1 | 4 |
_aLeón Felipe, _d1884-1968 _971613 |
| 830 | 0 |
_aLecturas singulares ; _v2 _9191102 |
|
| 852 |
_aES-MaACL _j2329-F-4 |
||
| 999 |
_c113518 _d113518 |
||